<?xml version="1.0" encoding="UTF-8"?>
<marc:record xmlns:marc="http://www.loc.gov/MARC21/slim">
   <marc:leader>00000nam a2200000 a 4500</marc:leader>
   <marc:datafield ind1="1" ind2=" " tag="100">
      <marc:subfield code="a">Jacobsen, Steffen</marc:subfield>
      <marc:subfield code="4">aut</marc:subfield>
      <marc:subfield code="e">Verfasser/-in</marc:subfield>
   </marc:datafield>
   <marc:datafield ind1="0" ind2="0" tag="245">
      <marc:subfield code="a">Sühne</marc:subfield>
   </marc:datafield>
   <marc:datafield ind1="0" ind2="0" tag="245">
      <marc:subfield code="b">Thriller</marc:subfield>
   </marc:datafield>
   <marc:datafield ind1="0" ind2="0" tag="245">
      <marc:subfield code="c">Steffen Jacobsen</marc:subfield>
   </marc:datafield>
   <marc:datafield ind1=" " ind2="1" tag="264">
      <marc:subfield code="a">München</marc:subfield>
      <marc:subfield code="b">Diana Verl.</marc:subfield>
      <marc:subfield code="c">2020</marc:subfield>
   </marc:datafield>
   <marc:datafield ind1="1" ind2=" " tag="520">
      <marc:subfield code="a">Der von schwerer Krankheit gezeichnete Pharmaunternehmer Frank Linden will auspacken. Er heuert einen Journalisten an, der hochbrisante Informationen über Lindens Unternehmen veröffentlichen soll. Doch bei der Übergabe des Materials werden beide erschossen. Michael Sander, der mit dem Journalisten befreundet war, ermittelt auf eigene Faust. Er schafft es, in den Besitz des Geheimmaterials zu gelangen. Parallel wird Kommissarin Lene Jensen auf den Fall angesetzt und recherchiert im privaten Umfeld des Pharmaunternehmers. Sie stößt auf eine Spur, die in einen ungeheuerlichen Verdacht mündet. Unterdessen ist Michael Sander in tödliche Gefahr geraten.</marc:subfield>
   </marc:datafield>
   <marc:datafield ind1=" " ind2=" " tag="020">
      <marc:subfield code="a">9783453272675</marc:subfield>
      <marc:subfield code="9">9783453272675</marc:subfield>
   </marc:datafield>
   <marc:datafield ind1=" " ind2=" " tag="020">
      <marc:subfield code="a">3453272676</marc:subfield>
      <marc:subfield code="9">3453272676</marc:subfield>
   </marc:datafield>
   <marc:datafield ind1=" " ind2=" " tag="500">
      <marc:subfield code="a">Aus dem Dän. übers.</marc:subfield>
   </marc:datafield>
   <marc:datafield ind1=" " ind2=" " tag="300">
      <marc:subfield code="a">415 S.</marc:subfield>
   </marc:datafield>
</marc:record>
